海に面している市町村 - Statistics

General Stats
  • This quiz has been taken 327 times
    316 since last reset
  • The average score is 372 of 648
Answer Stats
都道府県 回答 % Correct
神奈川県 横浜市
82%
北海道 稚内市
81%
青森県 青森市
81%
北海道 函館市
79%
青森県 八戸市
79%
千葉県 千葉市
79%
静岡県 熱海市
79%
静岡県 静岡市
79%
北海道 根室市
78%
青森県 むつ市
78%
神奈川県 横須賀市
78%
静岡県 浜松市
78%
愛知県 名古屋市
78%
北海道 小樽市
77%
宮城県 仙台市
77%
千葉県 銚子市
77%
東京都 港区
77%
神奈川県 川崎市
77%
神奈川県 鎌倉市
77%
三重県 津市
77%
三重県 四日市市
76%
北海道 | 愛媛県 松前町
75%
福島県 いわき市
75%
千葉県 木更津市
75%
東京都 江戸川区
75%
東京都 江東区
75%
東京都 品川区
75%
神奈川県 小田原市
75%
三重県 桑名市
75%
三重県 伊勢市
75%
大阪府 大阪市
75%
兵庫県 神戸市
75%
広島県 広島市
75%
北海道 釧路市
74%
北海道 石狩市
74%
宮城県 気仙沼市
74%
東京都 大田区
74%
静岡県 伊豆市
74%
静岡県 沼津市
74%
愛知県 豊橋市
74%
和歌山県 和歌山市
74%
大阪府 堺市
74%
千葉県 南房総市
73%
千葉県 船橋市
73%
千葉県 浦安市
73%
神奈川県 三浦市
73%
岡山県 岡山市
73%
岡山県 倉敷市
73%
山口県 山口市
73%
山口県 下関市
73%
島根県 松江市
73%
鳥取県 鳥取市
73%
石川県 金沢市
73%
新潟県 新潟市
73%
香川県 高松市
73%
北海道 室蘭市
72%
北海道 北斗市
72%
茨城県 日立市
72%
千葉県 君津市
72%
千葉県 市川市
72%
東京都 中央区
72%
神奈川県 葉山町
72%
神奈川県 逗子市
72%
神奈川県 藤沢市
72%
静岡県 富士市
72%
静岡県 掛川市
72%
兵庫県 尼崎市
72%
兵庫県 姫路市
72%
島根県 出雲市
72%
福井県 福井市
72%
北海道 森町
71%
宮城県 石巻市
71%
茨城県 鹿嶋市
71%
千葉県 鴨川市
71%
神奈川県 平塚市
71%
神奈川県 湯河原町
71%
静岡県 焼津市
71%
三重県 松阪市
71%
鳥取県 米子市
71%
京都府 舞鶴市
71%
富山県 富山市
71%
秋田県 秋田市
71%
徳島県 徳島市
71%
北海道 苫小牧市
70%
北海道 留萌市
70%
福島県 相馬市
70%
福島県 南相馬市
70%
茨城県 北茨城市
70%
千葉県 勝浦市
70%
神奈川県 茅ヶ崎市
70%
静岡県 伊東市
70%
静岡県 下田市
70%
静岡県 湖西市
70%
三重県 鈴鹿市
70%
広島県 福山市
70%
広島県 呉市
70%
鳥取県 境港市
70%
石川県 輪島市
70%
新潟県 糸魚川市
70%
島根県 隠岐の島町
70%
徳島県 鳴門市
70%
福岡県 北九州市
70%
福岡県 福岡市
70%
北海道 網走市
69%
青森県 大間町
69%
福島県 双葉町
69%
千葉県 九十九里町
69%
千葉県 館山市
69%
千葉県 富津市
69%
千葉県 市原市
69%
神奈川県 大磯町
69%
神奈川県 二宮町
69%
静岡県 磐田市
69%
大阪府 泉佐野市
69%
山口県 岩国市
69%
山口県 萩市
69%
石川県 小松市
69%
石川県 珠洲市
69%
新潟県 上越市
69%
兵庫県 淡路市
69%
高知県 高知市
69%
高知県 四万十市
69%
愛媛県 松山市
69%
長崎県 長崎市
69%
北海道 えりも町
68%
三重県 鳥羽市
68%
三重県 志摩市
68%
和歌山県 新宮市
68%
兵庫県 西宮市
68%
兵庫県 明石市
68%
島根県 浜田市
68%
福井県 敦賀市
68%
富山県 氷見市
68%
秋田県 男鹿市
68%
新潟県 佐渡市
68%
北海道 | 和歌山県 日高町
67%
北海道 長万部町
67%
北海道 八雲町
67%
北海道 木古内町
67%
北海道 利尻町
67%
岩手県 宮古市
67%
岩手県 陸前高田市
67%
宮城県 名取市
67%
茨城県 ひたちなか市
67%
茨城県 大洗町
67%
千葉県 大網白里市
67%
千葉県 習志野市
67%
神奈川県 真鶴町
67%
静岡県 南伊豆町
67%
静岡県 御前崎市
67%
愛知県 田原市
67%
愛知県 知多市
67%
三重県 尾鷲市
67%
兵庫県 加古川市
67%
兵庫県 赤穂市
67%
広島県 尾道市
67%
山口県 宇部市
67%
福井県 小浜市
67%
富山県 高岡市
67%
山形県 鶴岡市
67%
青森県 五所川原市
67%
兵庫県 南あわじ市
67%
愛媛県 今治市
67%
長崎県 佐世保市
67%
佐賀県 佐賀市
67%
熊本県 熊本市
67%
鹿児島県 鹿児島市
67%
北海道 北見市
66%
北海道 斜里町
66%
愛知県 蒲郡市
66%
兵庫県 相生市
66%
広島県 廿日市市
66%
兵庫県 豊岡市
66%
石川県 能登町
66%
石川県 七尾市
66%
山形県 酒田市
66%
秋田県 由利本荘市
66%
愛媛県 新居浜市
66%
香川県 丸亀市
66%
佐賀県 唐津市
66%
長崎県 対馬市
66%
北海道 猿払村
65%
北海道 紋別市
65%
北海道 羅臼町
65%
北海道 新ひだか町
65%
北海道 登別市
65%
北海道 伊達市
65%
岩手県 久慈市
65%
宮城県 女川町
65%
千葉県 いすみ市
65%
三重県 熊野市
65%
和歌山県 白浜町
65%
和歌山県 田辺市
65%
大阪府 岸和田市
65%
兵庫県 芦屋市
65%
広島県 三原市
65%
山口県 山陽小野田市
65%
山口県 長門市
65%
兵庫県 新温泉町
65%
新潟県 柏崎市
65%
新潟県 村上市
65%
青森県 つがる市
65%
東京都 小笠原村
65%
兵庫県 洲本市
65%
香川県 東かがわ市
65%
高知県 南国市
65%
愛媛県 四国中央市
65%
長崎県 諫早市
65%
宮崎県 宮崎市
65%
大分県 大分市
65%
熊本県 天草市
65%
北海道 釧路町
64%
北海道 泊村
64%
北海道 利尻富士町
64%
岩手県 釜石市
64%
宮城県 東松島市
64%
茨城県 東海村
64%
静岡県 東伊豆町
64%
愛知県 弥富市
64%
和歌山県 那智勝浦町
64%
和歌山県 串本町
64%
和歌山県 有田市
64%
島根県 益田市
64%
京都府 京丹後市
64%
京都府 宮津市
64%
福井県 あわら市
64%
石川県 加賀市
64%
富山県 黒部市
64%
東京都 大島町
64%
東京都 八丈町
64%
東京都 青ヶ島村
64%
広島県 江田島市
64%
高知県 室戸市
64%
高知県 土佐清水市
64%
愛媛県 宇和島市
64%
長崎県 大村市
64%
長崎県 島原市
64%
沖縄県 那覇市
64%
青森県 六ヶ所村
63%
茨城県 神栖市
63%
千葉県 袖ケ浦市
63%
静岡県 牧之原市
63%
愛知県 常滑市
63%
大阪府 岬町
63%
大阪府 阪南市
63%
大阪府 泉大津市
63%
山口県 光市
63%
山口県 周南市
63%
石川県 白山市
63%
愛媛県 西条市
63%
香川県 観音寺市
63%
北海道 奥尻町
62%
北海道 礼文町
62%
岩手県 大船渡市
62%
宮城県 塩竈市
62%
宮城県 多賀城市
62%
千葉県 旭市
62%
静岡県 西伊豆町
62%
静岡県 袋井市
62%
愛知県 西尾市
62%
和歌山県 御坊市
62%
和歌山県 海南市
62%
大阪府 泉南市
62%
広島県 大竹市
62%
山口県 周防大島町
62%
高知県 四万十町
62%
香川県 小豆島町
62%
福岡県 糸島市
62%
大分県 別府市
62%
長崎県 五島市
62%
宮城県 松島町
61%
茨城県 高萩市
61%
和歌山県 | 愛知県 | 福井県 美浜町
61%
愛知県 南知多町
61%
岡山県 瀬戸内市
61%
山口県 防府市
61%
島根県 大田市
61%
富山県 射水市
61%
新潟県 新発田市
61%
香川県 さぬき市
61%
高知県 土佐市
61%
北海道 浜頓別町
60%
北海道 厚岸町
60%
北海道 積丹町
60%
北海道 余市町
60%
北海道 豊富町
60%
青森県 三沢市
60%
宮城県 南三陸町
60%
茨城県 鉾田市
60%
千葉県 匝瑳市
60%
千葉県 横芝光町
60%
千葉県 山武市
60%
千葉県 鋸南町
60%
愛知県 豊川市
60%
愛知県 碧南市
60%
兵庫県 たつの市
60%
岡山県 玉野市
60%
広島県 竹原市
60%
広島県 東広島市
60%
石川県 羽咋市
60%
秋田県 にかほ市
60%
秋田県 能代市
60%
青森県 横浜町
60%
徳島県 阿南市
60%
香川県 宇多津町
60%
香川県 坂出市
60%
佐賀県 伊万里市
60%
長崎県 南島原市
60%
熊本県 八代市
60%
熊本県 水俣市
60%
鹿児島県 薩摩川内市
60%
鹿児島県 指宿市
60%
長崎県 壱岐市
60%
北海道 標津町
59%
北海道 天塩町
59%
愛知県 飛島村
59%
福井県 越前町
59%
福井県 坂井市
59%
青森県 今別町
59%
愛媛県 伊予市
59%
鹿児島県 霧島市
59%
宮崎県 日向市
59%
北海道 むかわ町
58%
北海道 福島町
58%
北海道 江差町
58%
北海道 増毛町
58%
福島県 浪江町
58%
愛知県 東海市
58%
三重県 木曽岬町
58%
岡山県 備前市
58%
島根県 江津市
58%
石川県 かほく市
58%
石川県 穴水町
58%
新潟県 長岡市
58%
東京都 三宅村
58%
新潟県 粟島浦村
58%
愛媛県 八幡浜市
58%
長崎県 松浦市
58%
長崎県 雲仙市
58%
佐賀県 鹿島市
58%
鹿児島県 枕崎市
58%
熊本県 上天草市
58%
沖縄県 沖縄市
58%
北海道 枝幸町
57%
北海道 大樹町
57%
北海道 洞爺湖町
57%
宮城県 岩沼市
57%
宮城県 亘理町
57%
福島県 大熊町
57%
千葉県 一宮町
57%
千葉県 御宿町
57%
静岡県 河津町
57%
愛知県 半田市
57%
三重県 南伊勢町
57%
兵庫県 播磨町
57%
鳥取県 日吉津村
57%
福井県 おおい町
57%
福井県 若狭町
57%
福井県 南越前町
57%
富山県 魚津市
57%
富山県 朝日町
57%
青森県 野辺地町
57%
徳島県 小松島市
57%
高知県 宿毛市
57%
愛媛県 愛南町
57%
香川県 多度津町
57%
長崎県 平戸市
57%
福岡県 大牟田市
57%
熊本県 玉名市
57%
宮崎県 日南市
57%
宮崎県 延岡市
57%
大分県 国東市
57%
鹿児島県 奄美市
57%
沖縄県 石垣市
57%
北海道 別海町
56%
北海道 白糠町
56%
北海道 浦河町
56%
北海道 せたな町
56%
兵庫県 高砂市
56%
山口県 柳井市
56%
新潟県 胎内市
56%
香川県 三豊市
56%
長崎県 西海市
56%
鹿児島県 志布志市
56%
北海道 興部町
55%
北海道 浜中町
55%
北海道 広尾町
55%
北海道 様似町
55%
青森県 風間浦村
55%
山口県 阿武町
55%
京都府 伊根町
55%
富山県 滑川市
55%
青森県 深浦町
55%
東京都 御蔵島村
55%
高知県 安芸市
55%
鹿児島県 いちき串木野市
55%
鹿児島県 南九州市
55%
大分県 中津市
55%
鹿児島県 屋久島町
55%
沖縄県 名護市
55%
沖縄県 宮古島市
55%
北海道 白老町
54%
青森県 階上町
54%
大阪府 田尻町
54%
福井県 高浜町
54%
鹿児島県 南さつま市
54%
鹿児島県 鹿屋市
54%
大分県 佐伯市
54%
岩手県 山田町
53%
静岡県 松崎町
53%
愛知県 高浜市
53%
三重県 川越町
53%
三重県 紀北町
53%
大阪府 貝塚市
53%
大阪府 高石市
53%
石川県 内灘町
53%
石川県 宝達志水町
53%
富山県 入善町
53%
愛媛県 西予市
53%
愛媛県 伊方町
53%
佐賀県 玄海町
53%
鹿児島県 出水市
53%
鹿児島県 阿久根市
53%
福岡県 行橋市
53%
沖縄県 与那国町
53%
宮城県 山元町
52%
千葉県 長生村
52%
愛知県 武豊町
52%
三重県 紀宝町
52%
岡山県 浅口市
52%
岡山県 笠岡市
52%
鳥取県 大山町
52%
兵庫県 香美町
52%
秋田県 潟上市
52%
青森県 鰺ヶ沢町
52%
青森県 佐井村
52%
東京都 利島村
52%
東京都 神津島村
52%
高知県 須崎市
52%
愛媛県 大洲市
52%
香川県 土庄町
52%
福岡県 宗像市
52%
熊本県 宇土市
52%
長崎県 新上五島町
52%
鹿児島県 十島村
52%
鹿児島県 西之表市
52%
鹿児島県 南種子町
52%
北海道 神恵内村
51%
山口県 上関町
51%
山口県 下松市
51%
石川県 能美市
51%
山形県 遊佐町
51%
東京都 新島村
51%
熊本県 宇城市
51%
沖縄県 宜野湾市
51%
北海道 豊浦町
50%
北海道 色丹村
50%
青森県 東通村
50%
青森県 おいらせ町
50%
岩手県 洋野町
50%
福島県 富岡町
50%
静岡県 吉田町
50%
和歌山県 太地町
50%
広島県 海田町
50%
鳥取県 湯梨浜町
50%
新潟県 聖籠町
50%
徳島県 牟岐町
50%
高知県 香南市
50%
鹿児島県 姶良市
50%
鹿児島県 垂水市
50%
大分県 津久見市
50%
大分県 姫島村
50%
鹿児島県 中種子町
50%
沖縄県 糸満市
50%
沖縄県 浦添市
50%
北海道 鹿部町
49%
北海道 上ノ国町
49%
北海道 留夜別村
49%
岩手県 普代村
49%
宮城県 七ヶ浜町
49%
宮崎県 串間市
49%
大分県 宇佐市
49%
北海道 厚真町
48%
北海道 知内町
48%
北海道 紗那村
48%
北海道 蘂取村
48%
和歌山県 すさみ町
48%
大阪府 忠岡町
48%
山口県 和木町
48%
石川県 志賀町
48%
青森県 外ヶ浜町
48%
島根県 海士町
48%
島根県 知夫村
48%
徳島県 海陽町
48%
高知県 奈半利町
48%
熊本県 荒尾市
48%
沖縄県 うるま市
48%
沖縄県 豊見城市
48%
北海道 雄武町
47%
北海道 豊頃町
47%
北海道 岩内町
47%
北海道 羽幌町
47%
北海道 幌延町
47%
岩手県 大槌町
47%
福島県 新地町
47%
福島県 楢葉町
47%
福島県 広野町
47%
広島県 坂町
47%
広島県 大崎上島町
47%
福岡県 柳川市
47%
鹿児島県 南大隅町
47%
大分県 豊後高田市
47%
福岡県 豊前市
47%
北海道 小清水町
46%
北海道 初山別村
46%
岩手県 田野畑村
46%
青森県 中泊町
46%
島根県 西ノ島町
46%
福岡県 福津市
46%
長崎県 時津町
46%
大分県 臼杵市
46%
熊本県 苓北町
46%
鹿児島県 三島村
46%
沖縄県 竹富町
46%
北海道 浦幌町
45%
北海道 新冠町
45%
北海道 寿都町
45%
北海道 苫前町
45%
北海道 留別村
45%
宮城県 利府町
45%
新潟県 出雲崎町
45%
高知県 東洋町
45%
高知県 黒潮町
45%
香川県 直島町
45%
長崎県 東彼杵町
45%
大分県 杵築市
45%
福岡県 苅田町
45%
鹿児島県 瀬戸内町
45%
鹿児島県 徳之島町
45%
鹿児島県 与論町
45%
沖縄県 南城市
45%
沖縄県 南大東村
45%
沖縄県 北大東村
45%
山口県 田布施町
44%
北海道 島牧村
43%
岩手県 岩泉町
43%
三重県 大紀町
43%
和歌山県 湯浅町
43%
鳥取県 岩美町
43%
秋田県 八峰町
43%
高知県 芸西村
43%
鹿児島県 日置市
43%
長崎県 小値賀町
43%
沖縄県 国頭村
43%
沖縄県 恩納村
43%
北海道 湧別町
42%
北海道 蘭越町
42%
北海道 小平町
42%
北海道 遠別町
42%
千葉県 白子町
42%
三重県 明和町
42%
和歌山県 みなべ町
42%
青森県 蓬田村
42%
青森県 平内町
42%
愛媛県 上島町
42%
長崎県 佐々町
42%
長崎県 長与町
42%
宮崎県 高鍋町
42%
沖縄県 東村
42%
沖縄県 中城村
42%
沖縄県 北谷町
42%
沖縄県 読谷村
42%
大分県 日出町
41%
鹿児島県 長島町
41%
岩手県 野田村
40%
和歌山県 由良町
40%
鳥取県 琴浦町
40%
鳥取県 北栄町
40%
沖縄県 北中城村
40%
北海道 共和町
39%
三重県 御浜町
39%
福岡県 古賀市
39%
福岡県 新宮町
39%
鹿児島県 喜界町
39%
北海道 古平町
38%
愛知県 東浦町
38%
高知県 大月町
38%
宮崎県 都農町
38%
鹿児島県 宇検村
38%
沖縄県 宜野座村
38%
沖縄県 今帰仁村
38%
沖縄県 渡嘉敷村
38%
沖縄県 久米島町
38%
徳島県 美波町
37%
高知県 中土佐町
37%
佐賀県 小城市
37%
熊本県 芦北町
37%
鹿児島県 肝付町
37%
鹿児島県 龍郷町
37%
北海道 乙部町
36%
和歌山県 印南町
36%
和歌山県 広川町
36%
徳島県 松茂町
36%
福岡県 吉富町
36%
鹿児島県 天城町
36%
沖縄県 金武町
36%
沖縄県 本部町
36%
沖縄県 伊江村
36%
沖縄県 粟国村
36%
沖縄県 渡名喜村
36%
沖縄県 多良間村
36%
高知県 田野町
35%
福岡県 岡垣町
35%
佐賀県 太良町
35%
鹿児島県 和泊町
35%
沖縄県 伊平屋村
35%
沖縄県 伊是名村
35%
高知県 安田町
34%
福岡県 芦屋町
34%
宮崎県 川南町
33%
鹿児島県 大和村
33%
鹿児島県 伊仙町
33%
沖縄県 嘉手納町
33%
佐賀県 白石町
32%
熊本県 津奈木町
32%
鹿児島県 東串良町
32%
鹿児島県 知名町
32%
山口県 平生町
31%
秋田県 三種町
31%
長崎県 川棚町
31%
福岡県 みやま市
31%
熊本県 長洲町
31%
鹿児島県 錦江町
31%
宮崎県 門川町
31%
沖縄県 大宜味村
31%
熊本県 氷川町
30%
鹿児島県 大崎町
30%
福岡県 築上町
30%
宮崎県 新富町
29%
沖縄県 与那原町
29%
沖縄県 座間味村
29%
沖縄県 西原町
28%
沖縄県 八重瀬町
28%
No matching quizzes found
Score Distribution
Percent of People with Each Score
Percentile by Number Answered
Your Score History
You have not taken this quiz since the last reset